000 00449nam a22001937a 4500
003 MPLRDC
005 20220104143415.0
008 210129b ||||| |||| 00| 0 eng d
020 _a957-545-092-2
082 _a870.8 XCWK v.98
100 _a赵霞编译
245 _a名曲的故事
_c
250 _a再版
260 _a
_b志文出版社
_c1997
300 _b
490 _a新潮文库;98
650 _a
942 _cBK
_o870.8 XCWK v.98
999 _c39600
_d39590